[Event "Aberto do Brasil CONTAUD 2022"]
[Site "Cuiaba - MT - Brasil"]
[Date "2022.10.26"]
[Round "2.1"]
[White "Souza Dos Santos, Matheus Garcett"]
[Black "Fier, Alexandr"]
[Result "0-1"]
[WhiteElo "1990"]
[BlackElo "2592"]
[PlyCount "70"]
[EventDate "2022.10.25"]
[EventRounds "9"]
[EventCountry "BRA"]

1. e4 c5 2. Nf3 d6 3. d4 cxd4 4. Qxd4 Nf6 5. Bg5 a6 6. Bxf6 gxf6 7. Nc3 Nc6 8.
Qe3 e6 9. g3 h5 10. Nd2 b5 11. a3 h4 12. Bg2 h3 13. Bf1 Rb8 14. O-O-O Qb6 15.
Qxb6 Rxb6 16. Nb3 Bd7 17. f4 Ke7 18. Be2 Bg7 19. Rhe1 b4 20. axb4 Nxb4 21. Na5
Rc8 22. Nc4 Rbc6 23. Na5 Rxc3 24. bxc3 Na2+ 25. Kb2 Nxc3 26. f5 Nxd1+ 27. Rxd1
exf5 28. exf5 Bxf5 29. Bd3 Be6 30. Rb1 Rb8+ 31. Nb3 f5+ 32. Kc1 f4 33. gxf4 Bh6
34. Ra1 Bxf4+ 35. Nd2 Rg8 0-1

[Event "Aberto do Brasil CONTAUD 2022"]
[Site "Cuiaba - MT - Brasil"]
[Date "2022.10.26"]
[Round "2.2"]
[White "Matsuura, Everaldo"]
[Black "Oliveira, Leonardo Tadeu De A"]
[Result "1-0"]
[WhiteElo "2445"]
[BlackElo "2037"]
[PlyCount "47"]
[EventDate "2022.10.25"]
[EventRounds "9"]
[EventCountry "BRA"]

1. e4 c5 2. Nf3 g6 3. Bc4 Bg7 4. c3 e6 5. d4 cxd4 6. O-O Qc7 7. Bb3 d3 8. Qxd3
Ne7 9. Na3 a6 10. Be3 b5 11. Bd4 O-O 12. Bxg7 Kxg7 13. c4 b4 14. Nc2 Qc5 15. a3
bxa3 16. Rxa3 Nbc6 17. Ba4 Rb8 18. Rb1 Nb4 19. Nxb4 Rxb4 20. b3 d5 21. Raa1
dxc4 22. Qc3+ Kg8 23. Ne5 f6 24. Nd3 1-0

[Event "Aberto do Brasil CONTAUD 2022"]
[Site "Cuiaba - MT - Brasil"]
[Date "2022.10.26"]
[Round "2.4"]
[White "Hoffman, Alejandro"]
[Black "Kazuhiro Shikasho, Erik"]
[Result "1-0"]
[WhiteElo "2378"]
[BlackElo "1895"]
[PlyCount "63"]
[EventDate "2022.10.25"]
[EventRounds "9"]
[EventCountry "BRA"]

1. d4 Nf6 2. Nf3 g6 3. Bf4 Bg7 4. e3 d6 5. c4 Nbd7 6. Nc3 b6 7. h3 Bb7 8. Bd3
c5 9. d5 O-O 10. O-O a6 11. a4 Qc7 12. e4 Rad8 13. Re1 Nh5 14. Bg5 Ne5 15. Nxe5
Bxe5 16. Qd2 Rde8 17. g4 Ng7 18. f4 Bd4+ 19. Kh2 e5 20. f5 f6 21. Bh6 g5 22.
Rf1 Qf7 23. Rf3 Kh8 24. h4 gxh4 25. Rh3 Rg8 26. Rxh4 Bc8 27. Rf1 Rd8 28. Rf3
Ne8 29. Rfh3 Rd7 30. Ne2 Bf2 31. Ng3 Bxg3+ 32. Kxg3 1-0

[Event "Aberto do Brasil CONTAUD 2022"]
[Site "Cuiaba - MT - Brasil"]
[Date "2022.10.26"]
[Round "2.5"]
[White "Lima, Carlos Eduardo I De"]
[Black "Rodi, Luis Ernesto"]
[Result "0-1"]
[WhiteElo "1889"]
[BlackElo "2312"]
[PlyCount "102"]
[EventDate "2022.10.25"]
[EventRounds "9"]
[EventCountry "BRA"]

1. d4 Nf6 2. Nf3 d5 3. e3 e6 4. Bd3 b6 5. O-O Bb7 6. Nbd2 Nbd7 7. c4 Bd6 8. Qc2
c5 9. b3 cxd4 10. exd4 O-O 11. Bb2 Re8 12. Rfe1 Rc8 13. Rac1 Nf8 14. Ne5 Ng6
15. Nxg6 hxg6 16. Nf3 dxc4 17. bxc4 Bxf3 18. gxf3 Nh5 19. Rcd1 Qh4 20. Bc1 Bf4
21. Bxf4 Qxf4 22. Kg2 Qxd4 23. Bxg6 Nf4+ 24. Kf1 Qf6 25. Bd3 Qh4 26. Re4 Qxh2
27. Ke1 f5 28. Rd4 Rc5 29. Rd7 Re5+ 30. Kd2 Qxf2+ 31. Kc1 Qxc2+ 32. Kxc2 Ra5
33. Bf1 Kf8 34. Kb3 Re7 35. Rd8+ Kf7 36. R1d4 g5 37. a4 Re5 38. Rd1 Re3+ 39.
Kb4 Rxf3 40. a5 bxa5+ 41. Kb5 g4 42. c5 Nd5 43. R1xd5 exd5 44. Bg2 Re2 45. Bxf3
gxf3 46. Rxd5 Ke6 47. Rd3 f2 48. Rf3 Ke5 49. c6 Ke4 50. Rc3 f1=Q 51. Rc4+ Kd5
0-1

[Event "Aberto do Brasil CONTAUD 2022"]
[Site "Cuiaba - MT - Brasil"]
[Date "2022.10.26"]
[Round "2.6"]
[White "Alboredo, Julia"]
[Black "Andrade, Guilherme A. De Sou"]
[Result "1-0"]
[WhiteElo "2234"]
[BlackElo "1887"]
[PlyCount "65"]
[EventDate "2022.10.25"]
[EventRounds "9"]
[EventCountry "BRA"]

1. e4 c5 2. Nf3 e6 3. d4 cxd4 4. Nxd4 a6 5. Bd3 Bc5 6. Nb3 Ba7 7. Qe2 Ne7 8.
Be3 O-O 9. Nc3 b5 10. O-O Nbc6 11. Rad1 Qc7 12. Kh1 Rd8 13. Bxa7 Qxa7 14. f4
Nb4 15. f5 Nxd3 16. Rxd3 b4 17. Nd1 a5 18. f6 Ng6 19. Rh3 d6 20. Qh5 gxf6 21.
Qxh7+ Kf8 22. Rxf6 Ne5 23. Ne3 Ke7 24. Ng4 Rf8 25. Nxe5 dxe5 26. Rhf3 Ke8 27.
Rxf7 Qxf7 28. Rxf7 Rxf7 29. Qh8+ Rf8 30. Qh5+ Ke7 31. h4 Rf4 32. Qxe5 Rxh4+ 33.
Kg1 1-0

[Event "Aberto do Brasil CONTAUD 2022"]
[Site "Cuiaba - MT - Brasil"]
[Date "2022.10.26"]
[Round "2.7"]
[White "Felicio, Leonardo Demetrio D"]
[Black "Labussiere, Yago"]
[Result "0-1"]
[WhiteElo "1880"]
[BlackElo "2213"]
[PlyCount "42"]
[EventDate "2022.10.25"]
[EventRounds "9"]
[EventCountry "BRA"]

1. d4 Nf6 2. c4 g6 3. Nc3 Bg7 4. e4 d6 5. h3 O-O 6. Be3 c5 7. d5 e6 8. g4 exd5
9. exd5 Re8 10. Bd3 Bh6 11. Kd2 Bxe3+ 12. fxe3 a6 13. Qf3 Nfd7 14. Rf1 Ne5 15.
Qf2 Nbd7 16. Be2 b5 17. cxb5 axb5 18. Bxb5 Ba6 19. Nge2 Bxb5 20. Nxb5 Rxa2 21.
Kc2 Rxb2+ 0-1

[Event "Aberto do Brasil CONTAUD 2022"]
[Site "Cuiaba - MT - Brasil"]
[Date "2022.10.26"]
[Round "2.8"]
[White "Paredes Lagos, Anthony Javier"]
[Black "Moyses Sobrinho, Elias"]
[Result "1-0"]
[WhiteElo "2211"]
[BlackElo "1848"]
[PlyCount "59"]
[EventDate "2022.10.25"]
[EventRounds "9"]
[EventCountry "BRA"]

1. d4 d5 2. Bf4 Bf5 3. e3 e6 4. c4 Bxb1 5. Qxb1 Bb4+ 6. Kd1 dxc4 7. Bxc4 Nc6 8.
Nf3 Nf6 9. Ke2 Nd5 10. Bg3 Nb6 11. Bb5 Qd5 12. Qd3 Bd6 13. e4 Qh5 14. Rhc1 Bxg3
15. Rxc6 bxc6 16. Bxc6+ Ke7 17. hxg3 Rad8 18. Qa3+ Kf6 19. e5+ Kg6 20. Qe3 Nd5
21. Bxd5 Rxd5 22. Rh1 Qg4 23. Rh4 Qf5 24. Re4 Qh5 25. g4 Qh6 26. g5 Qh5 27. Rh4
Qxh4 28. Nxh4+ Kh5 29. f4 Rb8 30. Qf3+ 1-0

[Event "Aberto do Brasil CONTAUD 2022"]
[Site "Cuiaba - MT - Brasil"]
[Date "2022.10.26"]
[Round "2.9"]
[White "Franca Junior, Jairo"]
[Black "Gauche, Charles"]
[Result "0-1"]
[WhiteElo "1756"]
[BlackElo "2177"]
[PlyCount "88"]
[EventDate "2022.10.25"]
[EventRounds "9"]
[EventCountry "BRA"]

1. e4 e5 2. Nf3 Nc6 3. Bb5 a6 4. Ba4 Nf6 5. O-O d6 6. c3 b5 7. Bb3 Bg4 8. d3
Be7 9. h3 Bh5 10. a4 O-O 11. Na3 Rb8 12. axb5 axb5 13. Nc2 b4 14. Ba4 bxc3 15.
bxc3 Rb6 16. Be3 Ra6 17. Qe2 d5 18. Bg5 Nb8 19. Rfb1 h6 20. Bh4 Rd6 21. g4 dxe4
22. dxe4 Bg6 23. Nxe5 Bh7 24. Nd4 Nd5 25. Rxb8 Qxb8 26. Nec6 Bxh4 27. Nxb8 Nxc3
28. Qe3 Nxe4 29. Ra2 Rxb8 30. Nf5 Bxf5 31. gxf5 Ng5 32. Bb3 Rbd8 33. Bc4 Rd4
34. Be2 Re4 35. Qb3 Rf4 36. Bg4 h5 37. Bxh5 Rxf5 38. Bg4 Rf4 39. Kg2 Ne4 40.
Bf3 Nd2 41. Rxd2 Rxd2 42. Qb8+ Kh7 43. Qb1+ g6 44. Bd1 Rfxf2+ 0-1

[Event "Aberto do Brasil CONTAUD 2022"]
[Site "Cuiaba - MT - Brasil"]
[Date "2022.10.26"]
[Round "2.10"]
[White "Pirola, Claudionor Alcides "]
[Black "Arruda Filho, Ivo Pereira De"]
[Result "1-0"]
[WhiteElo "2157"]
[BlackElo "1736"]
[PlyCount "73"]
[EventDate "2022.10.25"]
[EventRounds "9"]
[EventCountry "BRA"]

1. e4 c5 2. Nf3 d6 3. d4 cxd4 4. Nxd4 Nf6 5. Nc3 a6 6. Bg5 e6 7. f4 Qb6 8. Qd2
Be7 9. e5 dxe5 10. fxe5 Ng8 11. O-O-O Nc6 12. Nf3 Bb4 13. Bc4 Nge7 14. a3 Bxc3
15. Qxc3 O-O 16. Rd6 Nf5 17. Rd2 h6 18. g4 hxg5 19. gxf5 g4 20. Ng5 Ne7 21. Qg3
Nxf5 22. Qxg4 Nh6 23. Qe4 Nf5 24. Re1 Qc6 25. Qg4 Nh6 26. Qh4 b5 27. Bd3 Bb7
28. Rg1 Qc5 29. Qg3 Qe7 30. Nh7 f5 31. exf6 Rxf6 32. Nxf6+ Qxf6 33. Rf2 Nf5 34.
Bxf5 exf5 35. Rxf5 Qh6+ 36. Kb1 Be4 37. Rg5 1-0

[Event "Aberto do Brasil CONTAUD 2022"]
[Site "Cuiaba - MT - Brasil"]
[Date "2022.10.26"]
[Round "2.11"]
[White "Shaffer, Alexander"]
[Black "Luz, Arthur Nader"]
[Result "0-1"]
[WhiteElo "1684"]
[BlackElo "2154"]
[PlyCount "64"]
[EventDate "2022.10.25"]
[EventRounds "9"]
[EventCountry "BRA"]

1. d4 Nf6 2. Nf3 g6 3. c4 Bg7 4. Nc3 d6 5. e4 O-O 6. Be2 Nbd7 7. O-O e5 8. dxe5
dxe5 9. Qc2 c6 10. Rd1 Qe7 11. h3 Re8 12. Be3 Nc5 13. b4 Ne6 14. c5 Nh5 15. Bc4
Nhf4 16. a3 Ng5 17. Nd2 Ngxh3+ 18. gxh3 Qg5+ 19. Kf1 Bxh3+ 20. Ke1 Ng2+ 21. Ke2
Nxe3 22. fxe3 Qg2+ 23. Kd3 Rad8+ 24. Nd5 cxd5 25. Bxd5 Rxd5+ 26. exd5 Qxd5+ 27.
Ke2 Qg2+ 28. Ke1 Bg4 29. Qc4 Bf6 30. Nf3 Bxf3 31. Rd7 Bh4+ 32. Qxh4 Qe2# 0-1

[Event "Aberto do Brasil CONTAUD 2022"]
[Site "Cuiaba - MT - Brasil"]
[Date "2022.10.26"]
[Round "2.12"]
[White "Federzoni, Enzo"]
[Black "Da Silva, Fabio Lima"]
[Result "1-0"]
[WhiteElo "2139"]
[BlackElo "1714"]
[PlyCount "95"]
[EventDate "2022.10.25"]
[EventRounds "9"]
[EventCountry "BRA"]

1. e4 c5 2. Nf3 d6 3. d4 cxd4 4. Nxd4 Nf6 5. Nc3 g6 6. Be3 Bg7 7. f3 Nc6 8. Qd2
Nxd4 9. Bxd4 Be6 10. O-O-O O-O 11. Kb1 Re8 12. h4 Qa5 13. Bxf6 Bxf6 14. Nd5 Qc5
15. Nxf6+ exf6 16. h5 g5 17. h6 Rad8 18. Be2 Qe5 19. b3 Kf8 20. Qd4 Qxd4 21.
Rxd4 Ke7 22. Rhd1 Rg8 23. c4 b6 24. Bd3 Rg6 25. Rh1 Bc8 26. Bc2 Be6 27. Kc1 Rc8
28. Rd2 Rc5 29. e5 f5 30. exd6+ Kd7 31. g4 Rf6 32. Kb2 Rc6 33. Rh5 Rxd6 34. Rg2
fxg4 35. fxg4 Rd4 36. Bxh7 Rxg4 37. Rgh2 Rgf4 38. Bc2 Rxh6 39. Rxh6 g4 40. Rg2
Kd6 41. Bd1 Ke5 42. Rh4 g3 43. Rh5+ Kd4 44. Rxg3 Bf5 45. Rf3 Rxf3 46. Bxf3 Bg6
47. Rd5+ Ke3 48. Bh5 1-0

[Event "Aberto do Brasil CONTAUD 2022"]
[Site "Cuiaba - MT - Brasil"]
[Date "2022.10.26"]
[Round "2.13"]
[White "Pimentel, Lucas Dos Santos"]
[Black "Lima, Kleyton Alcantara"]
[Result "1/2-1/2"]
[WhiteElo "1391"]
[BlackElo "2109"]
[PlyCount "106"]
[EventDate "2022.10.25"]
[EventRounds "9"]
[EventCountry "BRA"]

1. d4 Nf6 2. Bf4 e6 3. Nf3 d5 4. e3 Bd6 5. Bg3 Qe7 6. c4 c5 7. Nc3 O-O 8. Bd3
Nc6 9. cxd5 exd5 10. dxc5 Bxc5 11. O-O Rd8 12. Qc2 Nb4 13. Qd2 Bg4 14. Be2 Ne4
15. Qc1 Nxg3 16. hxg3 Rac8 17. Rd1 Bf5 18. Rd2 Be4 19. a3 Nc6 20. Qd1 Qe6 21.
Ng5 Qf5 22. Ngxe4 dxe4 23. Bg4 Rxd2 24. Bxf5 Rxd1+ 25. Rxd1 Re8 26. Bxe4 Ne5
27. Bxb7 Nc4 28. b4 Bf8 29. Nb5 Rb8 30. Rd7 a5 31. bxa5 Nxa5 32. Nd6 Nxb7 33.
Nxb7 Bxa3 34. Nd8 f5 35. Nc6 Rb1+ 36. Kh2 Rb2 37. Ne5 g6 38. Nc4 Rb3 39. Nxa3
Rxa3 40. Kh3 Ra2 41. f3 Re2 42. Re7 Kf8 43. Rxh7 Re1 44. Kh2 Rxe3 45. Rh4 Kg7
46. Ra4 g5 47. Ra6 Rb3 48. Rd6 Ra3 49. Kg1 Ra1+ 50. Kf2 Ra2+ 51. Kf1 Kf7 52.
Rd7+ Kf6 53. Rd8 Rb2 1/2-1/2

[Event "Aberto do Brasil CONTAUD 2022"]
[Site "Cuiaba - MT - Brasil"]
[Date "2022.10.26"]
[Round "2.15"]
[White "Santana Magalhaes, Amanda Borges"]
[Black "Delgado Ramirez, Neuris"]
[Result "0-1"]
[WhiteElo "1596"]
[BlackElo "2563"]
[PlyCount "38"]
[EventDate "2022.10.25"]
[EventRounds "9"]
[EventCountry "BRA"]

1. e4 c5 2. Nf3 Nc6 3. d4 cxd4 4. Nxd4 e5 5. Nb3 Nf6 6. Nc3 Bb4 7. Bd3 d5 8.
exd5 Nxd5 9. Bd2 Bxc3 10. bxc3 O-O 11. O-O f5 12. Bc4 Kh8 13. Nc1 Be6 14. Bb3
Qf6 15. Nd3 Rad8 16. Qe1 Nb6 17. Nc5 Bc4 18. Rd1 Bxf1 19. Qxf1 Na5 0-1

[Event "Aberto do Brasil CONTAUD 2022"]
[Site "Cuiaba - MT - Brasil"]
[Date "2022.10.26"]
[Round "2.16"]
[White "Do Amaral Vailant, Helena Kether"]
[Black "Ramos, Angelo Bil"]
[Result "1-0"]
[WhiteElo "1502"]
[BlackElo "1970"]
[PlyCount "115"]
[EventDate "2022.10.25"]
[EventRounds "9"]
[EventCountry "BRA"]

1. e4 c5 2. Nc3 Nc6 3. Bb5 g6 4. Bxc6 dxc6 5. Nge2 e5 6. O-O Bg7 7. d3 Nh6 8.
f3 f6 9. Be3 b6 10. Qd2 Nf7 11. Rf2 O-O 12. Raf1 Qe7 13. f4 exf4 14. Nxf4 Bb7
15. b3 Rad8 16. Nce2 Nd6 17. Ng3 c4 18. Qe2 cxd3 19. cxd3 c5 20. Qc2 Rfe8 21.
Bc1 Kh8 22. Bb2 Nf7 23. Qc4 Ne5 24. Qc2 Rd7 25. h4 Qd8 26. Nge2 Kg8 27. h5 Ba6
28. hxg6 hxg6 29. Bxe5 fxe5 30. Nd5 Rxd5 31. exd5 Qxd5 32. Rd1 e4 33. Nc3 exd3
34. Nxd5 dxc2 35. Rxc2 Re4 36. Nc7 Be2 37. Re1 Bd4+ 38. Kh2 Bd3 39. Rxe4 Bxc2
40. Re2 Bd3 41. Re1 Bf5 42. Nd5 Kf8 43. Kg3 Bd7 44. Rf1+ Kg7 45. Re1 Kf8 46.
Kf4 Bc6 47. Ne7 g5+ 48. Kxg5 Bxg2 49. Nc8 Bc6 50. Nxa7 Bd7 51. a4 Kf7 52. Nb5
Bf6+ 53. Kf4 Bxb5 54. axb5 Bc3 55. Re2 Bd4 56. Ra2 Bc3 57. Ra6 Bd4 58. Rxb6 1-0

[Event "Aberto do Brasil CONTAUD 2022"]
[Site "Cuiaba - MT - Brasil"]
[Date "2022.10.26"]
[Round "2.18"]
[White "Paniago, Lucio Erloiny Silva"]
[Black "Jesus Filho, Jose Carlos"]
[Result "0-1"]
[WhiteElo "1468"]
[BlackElo "1723"]
[PlyCount "52"]
[EventDate "2022.10.25"]
[EventRounds "9"]
[EventCountry "BRA"]

1. e4 e5 2. Nf3 d5 3. exd5 e4 4. Qe2 Nf6 5. d3 Bb4+ 6. c3 O-O 7. Nd4 exd3 8.
Qxd3 Re8+ 9. Be2 c5 10. O-O cxd4 11. cxb4 Qxd5 12. Bf3 Qe5 13. Bd2 Bf5 14. Qb3
Nc6 15. Na3 Be6 16. Qd3 Nd5 17. b5 Ncb4 18. Qe4 Qf6 19. Bxb4 Nxb4 20. Rfe1 g6
21. Qe5 Qxe5 22. Rxe5 d3 23. Re4 Rec8 24. g3 Bd5 25. Rxb4 Bxf3 26. Rc4 Re8 0-1

[Event "Aberto do Brasil CONTAUD 2022"]
[Site "Cuiaba - MT - Brasil"]
[Date "2022.10.26"]
[Round "2.19"]
[White "Gomes, Mateus Ferreira"]
[Black "Freitas, Mauricio Mathioli"]
[Result "0-1"]
[WhiteElo "1690"]
[BlackElo "1445"]
[PlyCount "90"]
[EventDate "2022.10.25"]
[EventRounds "9"]
[EventCountry "BRA"]

1. d4 Nf6 2. c4 g6 3. Nc3 d5 4. cxd5 Nxd5 5. e4 Nxc3 6. bxc3 Bg7 7. h3 O-O 8.
Nf3 c5 9. Bc4 Qc7 10. Qd3 Nc6 11. O-O Rd8 12. Be3 cxd4 13. cxd4 Na5 14. Rac1
Nxc4 15. Rxc4 Qa5 16. Qc2 b6 17. Rc1 Qh5 18. Rc7 Be6 19. Qe2 Bd7 20. d5 Be5 21.
Rxd7 Rxd7 22. g4 Qxh3 23. Nxe5 Rdd8 24. Qf3 Qxf3 25. Nxf3 Rac8 26. Rxc8 Rxc8
27. Nd4 Rc4 28. Nc6 Kf8 29. f3 Ra4 30. Kg2 Rxa2+ 31. Kg3 Ke8 32. f4 f6 33. g5
Ra3 34. Kf2 f5 35. Kf3 a5 36. exf5 gxf5 37. Nd4 a4 38. Nxf5 b5 39. Ke4 Rb3 40.
Nd4 Rb1 41. Kd3 a3 42. Nc2 b4 43. Kc4 a2 44. Bd4 b3 45. Na3 b2 0-1

[Event "Aberto do Brasil CONTAUD 2022"]
[Site "Cuiaba - MT - Brasil"]
[Date "2022.10.26"]
[Round "2.20"]
[White "Volpato, Alzir"]
[Black "Pires, Washington Gabriel"]
[Result "0-1"]
[WhiteElo "1501"]
[BlackElo "1921"]
[PlyCount "50"]
[EventDate "2022.10.25"]
[EventRounds "9"]
[EventCountry "BRA"]

1. e4 c6 2. d4 d5 3. exd5 cxd5 4. Bd3 Nf6 5. Nf3 Bg4 6. h3 Bh5 7. O-O e6 8. Bg5
Qb6 9. Nbd2 Nbd7 10. Rb1 Bd6 11. Re1 Rc8 12. c3 Bb8 13. Qa4 O-O 14. Ne5 Qd6 15.
f4 Nb6 16. Qa5 Nfd7 17. g4 Bg6 18. Bb5 Bxb1 19. Bxd7 Nxd7 20. Nxd7 Qxd7 21.
Rxb1 h6 22. Bh4 Bxf4 23. Nf3 Bc7 24. Qxa7 Ra8 25. Qxb7 Bh2+ 0-1

[Event "Aberto do Brasil CONTAUD 2022"]
[Site "Cuiaba - MT - Brasil"]
[Date "2022.10.26"]
[Round "2.21"]
[White "Vargas, Roberto Carlos Melg"]
[Black "Mello, Eduardo Dos Santos"]
[Result "1-0"]
[WhiteElo "1683"]
[BlackElo "1502"]
[PlyCount "63"]
[EventDate "2022.10.25"]
[EventRounds "9"]
[EventCountry "BRA"]

1. d4 Nf6 2. Bf4 g6 3. Nc3 Bg7 4. Qd2 O-O 5. O-O-O d6 6. Bh6 b6 7. e4 Bb7 8. f3
Nbd7 9. h4 c5 10. d5 a6 11. h5 Ne5 12. hxg6 fxg6 13. Bxg7 Kxg7 14. Qh6+ Kf7 15.
Nh3 Ke8 16. Be2 Bc8 17. Nf4 Nf7 18. Qh2 b5 19. Ne6 Bxe6 20. dxe6 Ng5 21. e5 Nh5
22. exd6 exd6 23. Rhe1 Nxe6 24. Rxd6 Qg5+ 25. Kb1 Kf7 26. Ne4 Qe7 27. g4 Nhf4
28. Qxh7+ Ng7 29. Rf6+ Ke8 30. Bxb5+ Kd8 31. Rd6+ Kc8 32. Rd7 1-0

[Event "Aberto do Brasil CONTAUD 2022"]
[Site "Cuiaba - MT - Brasil"]
[Date "2022.10.26"]
[Round "2.22"]
[White "Matsunaga, Lange Cristina"]
[Black "Franco Filho, Sinvaldo Barreiros"]
[Result "0-1"]
[WhiteElo "1475"]
[BlackElo "1648"]
[PlyCount "154"]
[EventDate "2022.10.25"]
[EventRounds "9"]
[EventCountry "BRA"]

1. e4 e6 2. d4 d5 3. exd5 exd5 4. Nf3 Bd6 5. Nc3 Nf6 6. h3 h6 7. Bd3 O-O 8. Be3
Nbd7 9. Qd2 Re8 10. O-O Ne4 11. Qc1 c6 12. Re1 f5 13. Bf4 Ndf6 14. Bxd6 Qxd6
15. Ne5 Be6 16. Be2 Qb4 17. Qe3 Rac8 18. Nxe4 fxe4 19. c3 Qd6 20. f4 exf3 21.
Bxf3 Bf5 22. Qf2 Bh7 23. Bh5 Rf8 24. Qe2 Ne4 25. Qe3 Rf2 26. Rf1 Rcf8 27. Rxf2
Rxf2 28. Rf1 Rxf1+ 29. Kxf1 Qf6+ 30. Kg1 a5 31. Bf7+ Kh8 32. Bh5 a4 33. Bf3 b6
34. c4 Ng5 35. cxd5 Nxf3+ 36. Nxf3 Bg8 37. dxc6 Qxc6 38. Ne5 Qc2 39. Qc3 Qxc3
40. bxc3 Bxa2 41. Nd3 Bc4 42. Nb4 a3 43. Kf2 a2 44. Nc2 Kg8 45. Ke3 Bf1 46. Kf2
Bd3 47. Na1 Kf7 48. g3 Ke6 49. Ke3 Bf1 50. h4 Kd5 51. g4 Kc4 52. Kd2 Bh3 53. g5
hxg5 54. hxg5 Bf5 55. d5 Kxd5 56. Kc1 Ke5 57. Kb2 Bb1 58. Nb3 Kf5 59. Nd2 Kxg5
60. Nc4 b5 61. Nd6 a1=Q+ 62. Kxa1 Bd3 63. Kb2 Kf4 64. Kc1 Kf3 65. Kd2 Bc4 66.
Nf5 g5 67. Nd4+ Kf2 68. Nf5 g4 69. Ne3 g3 70. Ng4+ Kf3 71. Ne5+ Kg2 72. Ke3 Kf1
73. Nf3 Bd5 74. Nd2+ Ke1 75. Nf3+ Bxf3 76. Kxf3 g2 77. Kxg2 Kd2 0-1

[Event "Aberto do Brasil CONTAUD 2022"]
[Site "Cuiaba - MT - Brasil"]
[Date "2022.10.26"]
[Round "2.23"]
[White "Viana, Paulo Vitor Monteir"]
[Black "Bashtavenko, Aleksey"]
[Result "1-0"]
[WhiteElo "1371"]
[BlackElo "1614"]
[PlyCount "133"]
[EventDate "2022.10.25"]
[EventRounds "9"]
[EventCountry "BRA"]

1. e4 c5 2. Nf3 e6 3. Nc3 Nc6 4. d4 cxd4 5. Nxd4 Qc7 6. Nxc6 bxc6 7. Bd3 d5 8.
exd5 exd5 9. O-O Nf6 10. h3 Be7 11. Qf3 O-O 12. Bf4 Bd6 13. Bxd6 Qxd6 14. Rfd1
Be6 15. Ne2 a5 16. c4 Qb4 17. b3 a4 18. Nd4 Qd6 19. Nxe6 fxe6 20. Qe2 Rae8 21.
bxa4 e5 22. Qe3 d4 23. Qd2 e4 24. Bc2 c5 25. Re1 Qa6 26. Bb3 Qc6 27. Qa5 Rb8
28. Rad1 Rb4 29. Qb5 Qc7 30. Qa6 Rb6 31. Qa5 Qc6 32. Qd2 Qd6 33. Re2 h6 34. Qc1
Qc6 35. Red2 Nd7 36. Rxd4 Ne5 37. Rd6 Qxd6 38. Rxd6 Rxd6 39. Qe3 Rd4 40. Kh1
Nd3 41. f3 exf3 42. gxf3 Nf4 43. Kh2 Rfd8 44. Kg3 Nh5+ 45. Kf2 Rd2+ 46. Ke1 Ng3
47. Qxd2 Rxd2 48. Kxd2 Nf5 49. Kd3 Kf7 50. Ke4 Ke6 51. a5 Nd6+ 52. Kf4 g6 53.
a6 Nc8 54. h4 Kf6 55. Bc2 Nb6 56. a7 g5+ 57. hxg5+ hxg5+ 58. Kg4 Ke5 59. Kxg5
Kd4 60. f4 Kxc4 61. f5 Kd5 62. Kg6 c4 63. Kg7 Na8 64. f6 Nc7 65. Kg8 Kc6 66. f7
Ne6 67. a8=Q+ 1-0

[Event "Aberto do Brasil CONTAUD 2022"]
[Site "Cuiaba - MT - Brasil"]
[Date "2022.10.26"]
[Round "2.24"]
[White "Carmo, Jose Arlindo"]
[Black "Mariano, Kaiki Pereira"]
[Result "0-1"]
[WhiteElo "1604"]
[BlackElo "1480"]
[PlyCount "78"]
[EventDate "2022.10.25"]
[EventRounds "9"]
[EventCountry "BRA"]

1. e4 c5 2. Nf3 d6 3. d4 cxd4 4. Nxd4 Nf6 5. Nc3 a6 6. Be2 e5 7. Nb3 Be7 8. O-O
O-O 9. Be3 Be6 10. f4 exf4 11. Rxf4 Nc6 12. Nd5 Bxd5 13. exd5 Ne5 14. Rb4 Qc7
15. Bb6 Qd7 16. h3 Rac8 17. a4 Qf5 18. Rc1 Ned7 19. Bf2 Rc7 20. Bf3 Ne5 21. Be2
Rfc8 22. c4 Qg5 23. Nd2 Nxd5 24. Rb3 Nf4 25. Bf1 Qf5 26. Qc2 Qh5 27. Qe4 Ne6
28. Rxb7 Qg6 29. Rxc7 Rxc7 30. Qa8+ Bf8 31. Qxa6 Nf4 32. g3 Nfd3 33. Rc3 Nxf2
34. Kxf2 Qg5 35. Ne4 Qf5+ 36. Ke3 Qxf1 37. Rc2 Nxc4+ 38. Rxc4 Rxc4 39. Nd2 Re4+
0-1

[Event "Aberto do Brasil CONTAUD 2022"]
[Site "Cuiaba - MT - Brasil"]
[Date "2022.10.26"]
[Round "2.25"]
[White "Almeida, Bianca Martins"]
[Black "Cordeiro Silva, Marcos Antonio"]
[Result "0-1"]
[WhiteElo "1349"]
[BlackElo "1592"]
[PlyCount "142"]
[EventDate "2022.10.25"]
[EventRounds "9"]
[EventCountry "BRA"]

1. e4 c5 2. Nf3 d6 3. d4 cxd4 4. Qxd4 Nc6 5. Bb5 Bd7 6. Bxc6 Bxc6 7. O-O e5 8.
Qd3 Nf6 9. Nc3 Be7 10. Bg5 Qc7 11. Bxf6 Bxf6 12. Rfe1 Rd8 13. Nd5 Bxd5 14. Qxd5
O-O 15. b3 h5 16. h4 Qd7 17. Rad1 b6 18. c4 Qg4 19. Qc6 Rc8 20. Qb7 Bxh4 21.
Nxh4 Qxh4 22. Qxa7 Qd8 23. Qb7 h4 24. Re3 g6 25. Qd5 Qg5 26. a4 Kg7 27. Qb7 Rh8
28. Qxb6 h3 29. Rg3 Qh5 30. Rf1 hxg2 31. Kxg2 Qh2+ 32. Kf3 Rb8 33. Qe3 Rh4 34.
Rfg1 Rf4+ 35. Ke2 Qh4 36. f3 Qd8 37. Rg4 Rxg4 38. Rxg4 Qb6 39. Qd3 Qxb3 40.
Qxd6 Qxc4+ 41. Kf2 Rb2+ 42. Kg3 Qc3 43. Qd1 Rd2 44. Qf1 Qb4 45. Qa1 Qd4 46. Qh1
Rd1 47. Qh2 Rd2 48. Qh1 Qf2+ 49. Kh3 Rd8 50. Rh4 Qxh4+ 51. Kxh4 Rh8+ 52. Kg3
Rxh1 53. f4 exf4+ 54. Kxf4 Ra1 55. Ke5 Rxa4 56. Kd5 Kf6 57. e5+ Ke7 58. Kc5 Ke6
59. Kb5 Rd4 60. Ka5 Kxe5 61. Ka6 Rd5 62. Ka7 Rd6 63. Ka8 Rd7 64. Kb8 g5 65. Kc8
Ke6 66. Kb8 g4 67. Kc8 g3 68. Kb8 g2 69. Ka8 g1=Q 70. Kb8 Qa7+ 71. Kc8 Qc7# 0-1

[Event "Aberto do Brasil CONTAUD 2022"]
[Site "Cuiaba - MT - Brasil"]
[Date "2022.10.26"]
[Round "2.26"]
[White "Borensztajn, David"]
[Black "Ferreira E Silva, Afranio Marcio"]
[Result "1-0"]
[WhiteElo "1570"]
[BlackElo "1359"]
[PlyCount "86"]
[EventDate "2022.10.25"]
[EventRounds "9"]
[EventCountry "BRA"]

1. d4 d5 2. c4 c6 3. Nf3 Nf6 4. cxd5 Qa5+ 5. Nc3 Nxd5 6. Bd2 Bg4 7. Ne5 Bh5 8.
Qb3 Qb4 9. e4 Qxb3 10. axb3 Nb4 11. Rc1 Nd7 12. Nxd7 Kxd7 13. Na4 Na6 14. Bxa6
bxa6 15. Nc5+ Ke8 16. Nxa6 Rc8 17. d5 c5 18. Be3 e6 19. dxe6 fxe6 20. Nxc5 Bxc5
21. Rxc5 Rxc5 22. Bxc5 a6 23. Kd2 Kd7 24. Ra1 Kc6 25. b4 Rd8+ 26. Ke3 Kb7 27.
f3 Be8 28. Bd4 g6 29. h4 Bb5 30. Bc3 Rf8 31. Rd1 Kc8 32. Rd6 Re8 33. Kf4 h6 34.
Ke5 g5 35. hxg5 hxg5 36. Kf6 g4 37. fxg4 Rf8+ 38. Kxe6 Kb7 39. g5 Rf4 40. Ke5
Rg4 41. Kf5 Rxg2 42. g6 Kc7 43. e5 Bd3+ 1-0

[Event "Aberto do Brasil CONTAUD 2022"]
[Site "Cuiaba - MT - Brasil"]
[Date "2022.10.26"]
[Round "2.27"]
[White "Da Silva, Debora Oliveira Lop"]
[Black "Pereira Fo, Hildebrando Apoloni"]
[Result "0-1"]
[WhiteElo "1332"]
[BlackElo "1548"]
[PlyCount "74"]
[EventDate "2022.10.25"]
[EventRounds "9"]
[EventCountry "BRA"]

1. e4 c5 2. Nf3 d6 3. d4 cxd4 4. Nxd4 g6 5. Nc3 Bg7 6. Be3 Nc6 7. Bc4 Bd7 8.
Qd2 a6 9. Bb3 Rc8 10. O-O-O Ne5 11. Qe2 Nf6 12. h3 Rxc3 13. bxc3 Nxe4 14. Bd2
f5 15. Qe3 Qc7 16. f3 Nxd2 17. Qxd2 Nc4 18. Qd3 Bh6+ 19. Kb1 Ne5 20. Qe2 Qxc3
21. Rhe1 Bg5 22. g3 Bf6 23. Qd2 Qxd2 24. Rxd2 Nc6 25. Nxc6 Bxc6 26. Rd3 Kf8 27.
Bd5 Bxd5 28. Rxd5 Kg7 29. g4 fxg4 30. fxg4 Rc8 31. g5 Be5 32. Rh1 Rc4 33. Rd3
a5 34. Ra3 a4 35. Rg1 Rb4+ 36. Kc1 Bf4+ 37. Kd1 Rb1+ 0-1